000 00659nam a22002057a 4500
999 _c3073
_d3073
001 3073
003 BD-JhCC
005 20171109192651.0
008 171109b1376 bg ||||| |||| 00| 0 ben d
035 _a(BD-JhCC)
040 _aBD-JhCC
_dBD-JhCC
041 _aben
082 _a891.442
_bCHO 1376
100 _aচৌধুরী, মুনীর
245 _aপলাশী ব্যারাক ও অন্যান্য /
_cমুনীর চৌধুরী
260 _aঢাকা:
_bমাওলা ব্রাদার্স ;
_c১৩৭৬
300 _a১৩২ পৃ.;
_c২২ সেমি
650 _aBengali drama
942 _2ddc
_cBK